| 000 | 00726nam a22002055i 4500 | ||
|---|---|---|---|
| 001 | 177592 | ||
| 003 | ES-MaACL | ||
| 005 | 20250809060038.0 | ||
| 008 | 110405s1963 sp |||| | spa d | ||
| 080 | _a347.44 | ||
| 100 | 1 |
_aMartín-Ballestero y Costea, Luis. _977404 |
|
| 245 | 1 | 3 |
_aLa manifiesta intención de obligarse y el derecho nuevo / _cpor Luis Martín-Ballestero y Costea. |
| 260 |
_aMadrid : _bMontecorvo, _c1963. |
||
| 300 |
_a128 p. ; _c24 cm. |
||
| 490 | 1 |
_aMonografías. Colección de estudios jurídicos ; _v4 |
|
| 650 | 0 | 7 |
_aContratos _2embne _911326 |
| 830 | 0 |
_aMonografías. Colección de estudios jurídicos ; _v4 _9190484 |
|
| 852 |
_aES-MaACL _jE-14795 _xOlim P-860-bis |
||
| 999 |
_c177592 _d177592 |
||